[Event "IECC P email"]
[Site "IECC email"]
[Date "1998.07.08"]
[Round "?"]
[White "Roberts, Gary"]
[Black "Mayer, Eduardo"]
[Result "0-1"]
[WhiteElo "1444"]
[BlackElo "1473"]
[PlyCount "68"]
[EventDate "1998.??.??"]
[EventType "tourn (corr)"]
[EventRounds "6"]
[SourceTitle "Corr 2008"]
[Source "ChessBase"]
[SourceDate "2008.06.24"]
[SourceVersion "1"]
[SourceVersionDate "2008.06.24"]
[SourceQuality "1"]

1. d4 Nf6 2. c4 e6 3. Nf3 b6 4. g3 Ba6 5. Qc2 c5 6. Bg2 Nc6 7. dxc5 Bxc5 8. 0-0 0-0 9. a3 Rc8 10. Qa4 Nb8 11. Nc3 Bxc4 12. b4 Be7 13. Ne5 a6 14. Bb2 d5 15. Rfd1 b5 16. Qc2 Nbd7 17. Nxc4 Rxc4 18. e3 Qb8 19. Qe2 Rfc8 20. Rac1 Ne8 21. Na2 Nd6 22. f3 Bf6 23. Bxf6 Nxf6 24. Bf1 Rxc1 25. Nxc1 Rc3 26. e4 dxe4 27. Qd2 Qb6+ 28. Kh1 Nd5 29. Ne2 Rd3 30. Qc1 Ne3 31. Rxd3 exd3 32. Nc3 d2 33. Qxd2 Nxf1 34. Qd3 Qf2 0-1